000 00445nam a2200145Ia 4500
008 230917s9999||||xx |||||||||||||| ||und||
040 _e187517
_aMAIN
041 _aEnglish
082 _a891.43301731 SK22K
100 _aसुधीरन्द्र कुमार
245 0 _aकथा-कथान्तर
260 _aनई दिल्ली
_bनवराज प्रकाशन
_c2001
300 _a96 पृ. p.
942 _cHN
999 _c158131
_d158131